Normal view
MARC view
Entry Personal Name
001 - CONTROL NUMBER
- control field: 49865
003 - CONTROL NUMBER IDENTIFIER
- control field: dpl
005 - DATE AND TIME OF LATEST TRANSACTION
- control field: 20120702172222.0
008 - FIXED-LENGTH DATA ELEMENTS
- fixed length control field: 120702|||a|||||| | ||| d
040 ## - CATALOGING SOURCE
- Original cataloging agency: dpl
- Transcribing agency: dpl
100 ## - HEADING--PERSONAL NAME
- Personal name: Vipul Singh
670 ## - SOURCE DATA FOUND
- Source citation: Work cat.: (dpl)53575: Vipul Singh, Interpreting medieval India , 2009
670 ## - SOURCE DATA FOUND
- Source citation: Work cat.: (dpl)53575: Vipul Singh, Interpreting medieval India , 2009
